000 01719cam a22004694i 4500
003 PE-LiUPU
005 20250731173147.0
008 150623s r 000 0 d
020 _a1581345097
035 _a(Sirsi) i9781581345094
040 _aPE-LiUPU
_bspa
_cPE-LiUPU
_erda
049 _aPRUA
082 0 4 _a277.3083
_bM54
_221
100 1 _aMiddelmann, Udo W.,
_d1940,
_eautor.
245 1 4 _aThe market-driven church :
_bThe worldly influence of modern culture on the church in America.
264 1 _aL. Wheaton, Illinois :
_bCrossway Books,
_c2004.
300 _a208 páginas ;
_c22 centímetros
336 _atext
_2rdacontent
337 _aunmediated
_2rdamedia
338 _avolume
_2rdacarrier
504 _aIncluye bibliografía.
505 0 _aAttraction and repulsion. Personal discoveries. Lemonade with too much water. You got fay-yeth?. All faiths and any budget. The islamization of Christianity. Sporty Churches.
526 _aSEG42
526 _aSEG41
526 _aSEG40
526 _aSEG39
526 _aP94
526 _aP87
526 _aP86
526 _aP85
526 _aP77
526 _aP76
526 _aP35
650 0 4 _aCristianismo y cultura
_zEstados Unidos.
650 0 4 _aIglesia
_xEnseñanza bíblica.
942 _2ddc
_cBOOK
949 _a277.3083 M54
_wDEWEY
_c1
_i53307
_lCCODEBUL1
_mBUL
_p15.00
_r0
_sY
_tBOOK
_u2015-6-24
_xTEOLOGIA
_PP35
_0COMPRA
_o.STAFF. Colección General
994 _aC0
_bPEPRU
596 _a1
999 _a277.3083 M54
_wDEWEY
_c35269
_i53307
_f2021-11-11
_g5
_lCCODEBUL1
_mBUL
_p15.00
_r0
_sY
_tBOOK
_u2015-6-24
_xTEOLOGIA
_PP35
_0COMPRA
_o.STAFF. Colección General
_d35269
980 _81
_gALBERTO SANCHEZ Responsable de Automatización